00968nab a22002177a 4500999001500000003000400015005001700019008004100036040000700077100003700084245016300121260007200284300001100356500005100367505008900418650002600507650003100533700003000564773014300594942001300737 c6036d6036OSt20260116211344.0190605e xxu||||| |||| 00| 0 spa d cPJ 96830aFunes de Rioja, Florencia 10aUn reconocimiento transversal a la autonomía y la competencia judicial para evaluarla. El artículo 15 LCT /cFlorencia Funes de Rioja, Lucila Tagliaferro. aCiudad Autónoma de Buenos Aires :bThomson Reuters La Ley,c2025. ap. 5-9 aCita Online: Cita: TR LALEY AR/DOC/1022/2025. t¿Te interesa el texto completo? Solicitalo al correo: koha@justierradelfuego.gov.ar 091316aDERECHO LABORAL 091328aCONCILIACION LABORAL 95122aTagliaferro, Lucila0 0271193168dCiudad Autónoma de Buenos Aires : Thomson Reuters La Ley, 1999-2002.tRevista de derecho del trabajo. Nº 6 - Noviembre 2025 2udccANA